| 000 | 00869nam a2200229Ia 4500 | ||
|---|---|---|---|
| 001 | A940-35650 | ||
| 003 | IT-CnALBA | ||
| 008 | 170116s9999||||xx |||||||||||||| ||und|| | ||
| 040 |
_aIT-CnALBA _cIT-CnALBA |
||
| 041 | _aLATINO | ||
| 100 | _aMACROBIO AMBROGIO AURELIO TEOFILO | ||
| 245 | 0 | _aIN SOMNIUM SCIPIONIS. LIBRI DUO. SATURNALIORUM LIBRI V. | |
| 250 | _a1a ed. | ||
| 260 |
_a LUGDUNI _bPAGANUM THEOBALDUM (APUD) _c1560 [1° Ed.:1560 - Ed.Ling.Originale: 1560] |
||
| 300 | _a458 p. | ||
| 500 | _aIL SOGNO DI SCIPIONE, II LIBRI. LIBRI V DEI SATURNALI. FONTE DI CICERONE. | ||
| 501 | _aSocietà San Paolo EM - Piazza San Paolo, 14 - 12051 ALBA (CN) (non commercial uses only) ® Copyright 2017 | ||
| 520 | _aIL SOGNO DI SCIPIONE, II LIBRI. LIBRI V DEI SATURNALI. FONTE DI CICERONE. | ||
| 650 | _aSTORIA ANTICA | ||
| 942 | _cBK | ||
| 957 | _71 | ||
| 999 |
_a40414 _bSI _g Copie: 1 _c294477 _d294477 |
||